Country in Continent - Multiple choice - Statistics

General Stats
  • This quiz has been taken 66 times
    35 since last reset
  • The average score is 13 of 16
Answer Stats
Question Answer % Correct
Where is the country Egypt? Africa
100%
Where is the country Madagascar? Africa
100%
Where is the country Ghana? Africa
100%
Where is the country Japan? Asia
100%
Where is the country Portugal? Europe
100%
Where is the country Canada? North America
100%
Where is the country Brazil? South America
100%
Where is the country Paraguay? South America
100%
Where is the country Turkmenistan? Asia
88%
Where is the country Monaco? Europe
88%
Where is the country foredert? Not even a country
88%
Where is the country Andorra? Europe
75%
Where is the country Russia? Transcontinental
63%
Where is the country Belize? Central America
38%
Where is the country Turkey? Transcontinental
25%
INSTEAD of doing a last country. We're gonna play a game. Try and find a Europe that is correct. The other Europe is wrong. eURoPe
0%
No matching quizzes found
Score Distribution
Percent of People with Each Score
Percentile by Number Answered
Your Score History
You have not taken this quiz since the last reset